Exploradores y piratas en la América del Sur (Record no. 97441)

MARC details
000 -LEADER
campo de control de longitud fija 01412nam a2200421 i 4500
001 - NÚMERO DE CONTROL
campo de control MOR01000097768
003 - IDENTIFICADOR DE NÚMERO DE CONTROL
campo de control $$amxdfmo
005 - FECHA Y HORA DE LA ÚLTIMA TRANSACCIÓN
campo de control 20260331150030.0
008 - DATOS DE LONGITUD FIJA--INFORMACIÓN GENERAL
campo de control de longitud fija 130923s2006 sp grbi 001 0 spa d
020 ## - NÚMERO INTERNACIONAL ESTÁNDAR DEL LIBRO
Número Internacional Estándar del Libro 9788484721299
035 ## - NÚMERO DE CONTROL DEL SISTEMA
Número de control de sistema 132220
040 ## - FUENTE DE CATALOGACIÓN
Centro catalogador/agencia de origen mxcmmo
Lengua de catalogación spa
Centro/agencia transcriptor mxcmmo
Normas de descripción rda
041 0# - CÓDIGO DE IDIOMA
Código de lengua del texto/banda sonora o título independiente spa
043 ## - CÓDIGO DE ÁREA GEOGRÁFICA
Código de área geográfica s------
082 04 - NÚMERO DE LA CLASIFICACIÓN DECIMAL DEWEY
Número de clasificación 910.45
Número de ítem MOR.e
100 1# - ENTRADA PRINCIPAL--NOMBRE DE PERSONA
Nombre de persona Morales, Ernesto
Término indicativo de función/relación autor
9 (RLIN) 1406
245 10 - MENCIÓN DEL TÍTULO
Título Exploradores y piratas en la América del Sur
Resto del título : historia de la aventura/
Mención de responsabilidad, etc. Ernesto Morales
264 #0 - PRODUCCIÓN, PUBLICACIÓN, DISTRIBUCIÓN, FABRICACIÓN Y COPYRIGHT
Producción, publicación, distribución, fabricación y copyright España:
Nombre del de productor, editor, distribuidor, fabricante Renacimiento,
Fecha de producción, publicación, distribución, fabricación o copyright 2006
300 ## - DESCRIPCIÓN FÍSICA
Extensión 271 páginas;
Dimensiones 22 cm
336 ## - TIPO DE CONTENIDO
Término de tipo de contenido texto
Código de tipo de contenido txt
Fuente rdacontent
337 ## - TIPO DE MEDIO
Nombre/término del tipo de medio sin medio
Código del tipo de medio n
Fuente rdamedia
338 ## - TIPO DE SOPORTE
Nombre/término del tipo de soporte volumen
Código del tipo de soporte nc
Fuente rdacarrier
490 0# - MENCIÓN DE SERIE
Mención de serie Isla de la Tortuga
Designación de volumen o secuencia 7
504 ## - NOTA DE BIBLIOGRAFÍA, ETC.
Nota de bibliografía, etc. Nota Incluye referencias bibliográficas (páginas 257-263)
650 #7 - PUNTO DE ACCESO ADICIONAL DE MATERIA--TÉRMINO DE MATERIA
Término de materia o nombre geográfico como elemento de entrada Exploradores
Subdivisión geográfica América del Sur
9 (RLIN) 170911
650 #7 - PUNTO DE ACCESO ADICIONAL DE MATERIA--TÉRMINO DE MATERIA
Término de materia o nombre geográfico como elemento de entrada Piratas
Subdivisión geográfica América del Sur
Subdivisión general Historia
9 (RLIN) 170912
900 ## - ELEMENTOS DE DATOS A LOCAL, LDA (RLIN)
Nombre de persona DIAQUE
Numeración 30
Títulos y otros términos asociados al nombre 20131218
Lenguaje de la obra MOR01
-- 1351
900 ## - ELEMENTOS DE DATOS A LOCAL, LDA (RLIN)
Nombre de persona DIAQUE
Numeración 30
Títulos y otros términos asociados al nombre 20131218
Lenguaje de la obra MOR01
-- 1352
900 ## - ELEMENTOS DE DATOS A LOCAL, LDA (RLIN)
Nombre de persona KLAS
Numeración 30
Títulos y otros términos asociados al nombre 20140108
Lenguaje de la obra MOR01
-- 1219
900 ## - ELEMENTOS DE DATOS A LOCAL, LDA (RLIN)
Nombre de persona KLAS
Numeración 30
Títulos y otros términos asociados al nombre 20140108
Lenguaje de la obra MOR01
-- 1224
900 ## - ELEMENTOS DE DATOS A LOCAL, LDA (RLIN)
Nombre de persona KLAS
Numeración 30
Títulos y otros términos asociados al nombre 20140108
Lenguaje de la obra MOR01
-- 1224
900 ## - ELEMENTOS DE DATOS A LOCAL, LDA (RLIN)
Nombre de persona LUIS
Numeración 02
Títulos y otros términos asociados al nombre 20130923
Lenguaje de la obra MOR01
-- 1404
900 ## - ELEMENTOS DE DATOS A LOCAL, LDA (RLIN)
Nombre de persona LUIS
Numeración 02
Títulos y otros términos asociados al nombre 20130923
Lenguaje de la obra MOR01
-- 1404
900 ## - ELEMENTOS DE DATOS A LOCAL, LDA (RLIN)
Nombre de persona MARC21
Numeración 40
Títulos y otros términos asociados al nombre 20150715
Lenguaje de la obra MOR01
-- 1004
900 ## - ELEMENTOS DE DATOS A LOCAL, LDA (RLIN)
Nombre de persona VOBO
Numeración 40
Títulos y otros términos asociados al nombre 20140109
Lenguaje de la obra MOR01
-- 1538
904 ## - ELEMENTOS DE DATOS D LOCAL, LDD (RLIN)
a UPDATE
942 ## - ELEMENTOS DE ENTRADA SECUNDARIOS (KOHA)
Código de la institución [OBSOLETO] BK
901 ## - ELEMENTOS DE DATOS A LOCAL LDA (RLIN)
a batch batch
Holdings
Estatus retirado Estado de pérdida Fuente del sistema de clasificación o colocación Estado de daño No para préstamo Colección Biblioteca de origen Biblioteca actual Ubicación en estantería Fecha de adquisición Fuente de adquisición Número de inventario Total de préstamos Signatura topográfica completa Código de barras Visto por última vez Precio de reemplazo Tipo de ítem Koha
    Clasificación Decimal Dewey     Libros (General) Biblioteca Instituto Mora Biblioteca Instituto Mora Regular 18/12/2013 Donación 124360   (G)/910.45 MOR.e 33068001303427 03/09/2024 03/09/2024 Libro préstamo regular